000 00726nam a22002537a 4500
999 _c2629
_d2629
003 OSt
005 20230802092436.0
008 230802b ||||| |||| 00| 0 eng d
020 _a9789865359096
040 _cKH8
082 _a495 YEH
100 _aYeh, Shao-Ping,
_eauthor.
245 _aAmazing Chinese Textbook 4 /
_cShao-Ping Yeh.
260 _aTaiwan;
_bKang Hsuan Educational Publishing,
_c2021.
300 _a171 pages,
_bcolour illustrations.
650 _aMandarin language
650 _aMandarin grammar
700 _aChen, Lifen,
_eauthor.
700 _aKai, Luk,
_eauthor.
700 _aTu, Jessy,
_eauthor.
700 _aTam, Hugo Wing-Yu,
_eauthor.
700 _aDaiwei, Wei,
_eauthor.
942 _2ddc
_cTR